[Event "London Chess Classic FIDE Open"]
[Site "London ENG"]
[Date "2010.12.10"]
[Round "3"]
[White "Tate, Alan"]
[Black "Mcgowan, Daniel"]
[Result "1/2-1/2"]
[WhiteElo "2234"]
[BlackElo "2082"]
[WhiteFideId "2401878"]
[BlackFideId "2401479"]
[EventDate "2010.12.10"]

1. e4 e6 2. d4 d5 3. Nd2 Nf6 4. e5 Nfd7 5. Bd3 c5 6. c3 Nc6 7. Ne2 cxd4 8. cxd4
f6 9. exf6 Nxf6 10. Nf3 Bd6 11. O-O O-O 12. Bf4 Bxf4 13. Nxf4 Qd6 14. Ne2 Bd7
15. Ng3 Rae8 16. Qd2 e5 17. dxe5 Nxe5 18. Nxe5 Qxe5 19. Qb4 Bc6 20. Rae1 Qc7 21.
a3 Rxe1 22. Rxe1 Re8 23. Nf5 Rxe1+ 24. Qxe1 Bd7 25. Nd4 Qf4 26. Ne2 Qe5 27. Qc3
Qxc3 28. Nxc3 Kf7 29. f3 Ke7 1/2-1/2

[Event "London Chess Classic FIDE Open"]
[Site "London ENG"]
[Date "2010.12.10"]
[Round "3"]
[White "Llaneza Vega, Marcos"]
[Black "Burke, John S"]
[Result "1-0"]
[WhiteTitle "IM"]
[WhiteElo "2479"]
[BlackElo "2078"]
[WhiteFideId "2253585"]
[BlackFideId "404322"]
[EventDate "2010.12.10"]

1. e4 e6 2. Nc3 d5 3. Nf3 dxe4 4. Nxe4 Nd7 5. d4 Ngf6 6. Ng3 c5 7. Bg5 Be7 8.
dxc5 Qa5+ 9. c3 Qxc5 10. Be2 O-O 11. O-O b6 12. Qa4 Bb7 13. Be3 Qc8 14. Rad1 Nd5
15. Bc1 Qc7 16. Rfe1 Nc5 17. Qg4 Nf6 18. Qh3 Rfd8 19. Nd4 Bf8 20. Bg5 Ncd7 21.
Bd3 Re8 22. Bb5 h6 23. Bxf6 Nxf6 24. Bxe8 Rxe8 25. Nh5 Nxh5 26. Qxh5 a6 27. Qg4
Qc4 28. a3 b5 29. Qg3 Qc8 30. Nf3 Rd8 31. Ne5 Rxd1 32. Rxd1 Bd5 33. Ng4 Kh8 34.
Ne3 Bc6 35. Qh4 Qb7 36. Rd8 Kg8 37. Qb4 1-0

[Event "London Chess Classic FIDE Open"]
[Site "London ENG"]
[Date "2010.12.10"]
[Round "3"]
[White "McKenna, Jason P"]
[Black "Hanley, Craig A"]
[Result "0-1"]
[BlackTitle "IM"]
[WhiteElo "2081"]
[BlackElo "2428"]
[WhiteFideId "403857"]
[BlackFideId "408514"]
[EventDate "2010.12.10"]

1. e4 c5 2. Nf3 d6 3. d4 cxd4 4. Nxd4 Nf6 5. Nc3 a6 6. g3 e5 7. Nde2 b5 8. Bg2
Nbd7 9. h3 b4 10. Nd5 Nxd5 11. exd5 a5 12. O-O Ba6 13. Be3 Be7 14. Qd2 Qb8 15.
Rfc1 O-O 16. c3 f5 17. cxb4 axb4 18. f4 Bf6 19. Bf1 Re8 20. Kh2 Kh8 21. Ng1 exf4
22. Bxf4 Bxf1 23. Rxf1 Nc5 24. Nf3 Qb5 25. Qg2 Nd3 26. Ng5 Nxf4 27. gxf4 Re2 28.
Rf2 Rxf2 29. Qxf2 Qxd5 30. a3 h6 31. Nf3 Bxb2 32. Qxb2 Qxf3 33. Qxb4 Re8 34. Ra2
Re3 0-1

[Event "London Chess Classic FIDE Open"]
[Site "London ENG"]
[Date "2010.12.10"]
[Round "3"]
[White "Lang, Alexander"]
[Black "Wohl, Aleksandar H."]
[Result "0-1"]
[BlackTitle "IM"]
[WhiteElo "2079"]
[BlackElo "2424"]
[WhiteFideId "4645588"]
[BlackFideId "3200345"]
[EventDate "2010.12.10"]

1. d4 e6 2. Bf4 f5 3. e3 Nf6 4. Bd3 b6 5. Nf3 Bb7 6. h3 Be7 7. Nbd2 O-O 8. g4
Ne4 9. Qe2 c5 10. gxf5 exf5 11. Rg1 d5 12. c3 Nc6 13. O-O-O cxd4 14. Nxd4 Nxd4
15. exd4 Bd6 16. Bh6 Rf7 17. f3 Ng3 18. Qf2 f4 19. Bxf4 Bxf4 20. Rxg3 Bxg3 21.
Qxg3 Qf6 22. Qg4 Bc8 23. Qh5 Bf5 24. Bb5 Rc8 25. Re1 g6 26. Qh6 Qxd4 27. Bc4 Qf2
28. Rf1 Qc5 29. Bb3 b5 30. Re1 b4 31. Ne4 Bxe4 32. fxe4 bxc3 33. Qe3 Qxe3+ 34.
Rxe3 Rf1+ 35. Kc2 Rf2+ 0-1

[Event "London Chess Classic FIDE Open"]
[Site "London ENG"]
[Date "2010.12.10"]
[Round "3"]
[White "Yurenok, Maria S"]
[Black "Quillan, Gary"]
[Result "1/2-1/2"]
[WhiteTitle "WFM"]
[BlackTitle "IM"]
[WhiteElo "2071"]
[BlackElo "2385"]
[WhiteFideId "409359"]
[BlackFideId "401153"]
[EventDate "2010.12.10"]

1. d4 e6 2. c4 Nf6 3. Nc3 c5 4. d5 exd5 5. cxd5 d6 6. e4 g6 7. f3 Bg7 8. Nge2
O-O 9. Ng3 Na6 10. Be2 Nc7 11. O-O Bd7 12. Bf4 Nfe8 13. Qd2 b5 14. Bg5 Bf6 15.
Bxf6 Qxf6 16. a4 bxa4 17. Nxa4 h5 18. b4 h4 19. Nh1 cxb4 20. Qxb4 Qf4 21. Nc3
Nf6 22. Qd4 Nh5 23. Nf2 a6 24. Nd3 Qh6 25. Qf2 h3 26. g3 Qg7 27. Rfc1 f5 28. f4
Nf6 29. Bf3 fxe4 30. Nxe4 Nxe4 31. Bxe4 Nb5 32. Qb2 Nd4 33. Rc4 Nb5 34. Qxg7+
Kxg7 35. Nb4 a5 36. Nc6 Bf5 37. Bxf5 Rxf5 38. Rxa5 Rxa5 39. Nxa5 Rxd5 40. Nb3
Rd3 41. Rb4 Nc3 42. Kf2 d5 43. g4 Ne4+ 44. Ke2 Rc3 45. Nd4 Ra3 46. Rb7+ Kg8 47.
Rb8+ Kf7 48. Rb7+ Kg8 49. Rb8+ Kf7 50. Rb7+ 1/2-1/2

[Event "London Chess Classic FIDE Open"]
[Site "London ENG"]
[Date "2010.12.10"]
[Round "3"]
[White "Bass, John W"]
[Black "Mortazavi, Ali"]
[Result "1/2-1/2"]
[BlackTitle "IM"]
[WhiteElo "2064"]
[BlackElo "2372"]
[WhiteFideId "407925"]
[BlackFideId "401323"]
[EventDate "2010.12.10"]

1. d4 Nf6 2. c4 g6 3. Nc3 Bg7 4. e4 O-O 5. Be2 d6 6. Bg5 c5 7. d5 e6 8. Qd2 exd5
9. exd5 a6 10. Nf3 Bg4 11. O-O Nbd7 12. Rfe1 Re8 13. h3 Bxf3 14. Bxf3 Ne5 15.
Be2 Qa5 16. Qf4 Nfd7 17. Qh4 f5 18. Bd2 Nf7 19. g4 Qb4 20. Rab1 Rxe2 21. Rxe2
Qxc4 22. Rbe1 Nfe5 23. Qg3 fxg4 24. hxg4 Rf8 25. Re4 Qd3 26. Qxd3 Nxd3 27. Re7
Nxe1 28. Bxe1 Ne5 29. Ne4 Nxg4 30. Nxd6 Rd8 31. Ne4 Rxd5 32. Rxb7 Nf6 33. Bc3
Nxe4 34. Rxg7+ Kh8 35. Ra7+ Nxc3 36. bxc3 Rd3 37. Rxa6 Rxc3 38. Rc6 Kg7 39. a4
h5 40. a5 c4 41. a6 Ra3 42. Rxc4 Rxa6 43. Kg2 Ra3 44. Rc6 Kh6 45. Rb6 Rc3 46.
Ra6 h4 47. Rb6 Kh5 48. Rb5+ g5 49. Rb8 Rc2 50. Rb5 Rc3 51. Rb8 h3+ 52. Kh2 Rf3
53. Kg1 Kh4 54. Rh8+ Kg4 55. Rh7 Rf8 56. Rh6 Ra8 57. Rh7 Ra3 58. Rh8 Ra2 59. Rf8
Ra1+ 60. Kh2 Ra3 61. Kg1 Ra1+ 62. Kh2 Ra3 63. Kg1 Rf3 64. Rh8 Ra3 65. Rf8 Ra4
66. Rf7 Rf4 67. Rh7 Ra4 68. Rf7 Ra3 1/2-1/2

[Event "London Chess Classic FIDE Open"]
[Site "London ENG"]
[Date "2010.12.10"]
[Round "3"]
[White "Ledger, Dave J"]
[Black "Grochowalski, Pawel"]
[Result "0-1"]
[WhiteTitle "FM"]
[WhiteElo "2261"]
[BlackElo "2062"]
[WhiteFideId "401986"]
[BlackFideId "1115197"]
[EventDate "2010.12.10"]

1. e4 c6 2. d4 d5 3. Nc3 dxe4 4. Nxe4 Bf5 5. Ng3 Bg6 6. h4 h6 7. Nf3 Nd7 8. h5
Bh7 9. Bd3 Bxd3 10. Qxd3 e6 11. Bd2 Ngf6 12. O-O-O Be7 13. Ne4 Nxe4 14. Qxe4 Nf6
15. Qe2 Qd5 16. c4 Qe4 17. Qxe4 Nxe4 18. Be3 f5 19. Ne5 f4 20. Bxf4 Nxf2 21. Ng6
Rg8 22. Rhe1 Bb4 23. Bd2 Nd3+ 24. Kb1 Nxe1 25. Bxb4 Nxg2 26. Rd3 Rd8 27. Bc3 e5
28. Nxe5 Nf4 29. Re3 Rd6 30. Nxc6+ Re6 31. Ne5 Kd8 32. d5 Ree8 33. d6 Nxh5 34.
c5 Nf6 35. Rd3 Nd7 36. Ba5+ Kc8 37. Ng6 Nxc5 38. Rc3 b6 39. b4 Kd7 40. bxc5 bxa5
41. Rf3 Kc6 42. Rf5 Re1+ 43. Kc2 Rge8 44. Nf8 R1e5 45. d7 Rxf8 46. Rxf8 Kxd7 47.
Rf7+ Re7 0-1

[Event "London Chess Classic FIDE Open"]
[Site "London ENG"]
[Date "2010.12.10"]
[Round "3"]
[White "Merriman, John"]
[Black "Owen, Dennis"]
[Result "1-0"]
[WhiteElo "2259"]
[BlackElo "2045"]
[WhiteFideId "402362"]
[BlackFideId "470830"]
[EventDate "2010.12.10"]

1. d4 d5 2. c4 e6 3. Nc3 Nf6 4. Bg5 Nbd7 5. e3 Be7 6. Nf3 O-O 7. Qc2 b6 8. cxd5
exd5 9. Be2 Bb7 10. O-O Ne4 11. Bxe7 Qxe7 12. Rac1 f5 13. g3 c6 14. a3 Rf6 15.
b4 Nxc3 16. Qxc3 Rc8 17. Qb3 Re6 18. Rc2 g6 19. Rfc1 b5 20. Bxb5 Nb6 21. Bf1 Re8
22. a4 Nd7 23. b5 cxb5 24. axb5 Rb6 25. Qa4 Qd6 26. Rc7 Nf6 27. Ne5 a6 28. bxa6
Bxa6 29. R1c6 1-0

[Event "London Chess Classic FIDE Open"]
[Site "London ENG"]
[Date "2010.12.10"]
[Round "3"]
[White "Nelson, Omowale"]
[Black "Rudd, Jack"]
[Result "0-1"]
[BlackTitle "IM"]
[WhiteElo "2063"]
[BlackElo "2253"]
[WhiteFideId "7400209"]
[BlackFideId "405736"]
[EventDate "2010.12.10"]

1. d4 Nf6 2. c4 e6 3. Nc3 c5 4. d5 exd5 5. cxd5 d6 6. g3 g6 7. Nf3 Bg7 8. Bg2
O-O 9. O-O a6 10. a4 Nbd7 11. h3 Rb8 12. a5 b5 13. axb6 Nxb6 14. Nd2 Nfd7 15. e4
Ne5 16. Qc2 f5 17. f4 Nec4 18. Nxc4 Nxc4 19. Nd1 Na5 20. Ra3 Qb6 21. Ne3 fxe4
22. Kh2 Nb3 23. Nc4 Nd4 24. Qxe4 Qc7 25. Re3 Rb4 26. Qd3 a5 27. Bd2 Rb3 28. Qb1
Ba6 29. Rc1 a4 30. Qa2 Qd7 31. Rxb3 Nxb3 32. Nb6 Nxc1 33. Bxc1 Qb5 34. Nxa4 Qe2
35. Nc3 Bxc3 0-1

[Event "London Chess Classic FIDE Open"]
[Site "London ENG"]
[Date "2010.12.10"]
[Round "3"]
[White "Chapman, Terry P D"]
[Black "Segura Del Frago, Imanol"]
[Result "1-0"]
[WhiteElo "2249"]
[BlackElo "2042"]
[WhiteFideId "413399"]
[BlackFideId "22244859"]
[EventDate "2010.12.10"]

1. Nf3 d5 2. c4 d4 3. e3 Nc6 4. exd4 Nxd4 5. Nxd4 Qxd4 6. Nc3 e5 7. d3 c6 8. Be3
Qd8 9. Be2 Nf6 10. O-O Be7 11. Kh1 O-O 12. f4 exf4 13. Bxf4 Qb6 14. Qd2 Bg4 15.
Bxg4 Nxg4 16. d4 Nf6 17. Rad1 Rad8 18. Rf3 Rd7 19. Rd3 Rfd8 20. Qf2 a5 21. h3
Nh5 22. Be3 g6 23. d5 Qb4 24. b3 Ng7 25. Na4 Nf5 26. Bd2 Qd6 27. Bxa5 Bh4 28.
Qf3 Qe5 29. Bxd8 Ng3+ 30. Kg1 Ne2+ 31. Qxe2 Qxe2 32. Bxh4 Qxa2 33. Nc5 g5 34.
Bxg5 Rd6 35. Ne4 h6 36. Nxd6 hxg5 37. Ne4 Qe2 38. d6 1-0

[Event "London Chess Classic FIDE Open"]
[Site "London ENG"]
[Date "2010.12.10"]
[Round "3"]
[White "Hadi, Justin"]
[Black "White, Michael J R"]
[Result "0-1"]
[BlackTitle "FM"]
[WhiteElo "2043"]
[BlackElo "2247"]
[WhiteFideId "409154"]
[BlackFideId "407380"]
[EventDate "2010.12.10"]

1. f4 d6 2. Nf3 Bg4 3. e3 e6 4. h3 Bh5 5. g4 Bg6 6. h4 Nf6 7. h5 Be4 8. d3 Bxf3
9. Qxf3 Nc6 10. g5 Nd7 11. b3 h6 12. gxh6 Rxh6 13. Bb2 Qe7 14. Nc3 O-O-O 15.
O-O-O d5 16. e4 d4 17. Ne2 Qc5 18. Kb1 Nf6 19. Bg2 Rxh5 20. Rxh5 Qxh5 21. Qxh5
Nxh5 22. e5 Bc5 23. Rh1 g6 24. Bxc6 bxc6 25. Rg1 Rd5 26. Bc1 Bf8 27. Ng3 Nxg3
28. Rxg3 Rd8 29. Bb2 Bc5 30. Rh3 Rf8 31. Rh6 f6 32. exf6 Rxf6 33. Bc1 Bb4 34. a3
Bd6 35. b4 c5 36. bxc5 Bxc5 37. Ka2 Kd7 38. Rh7+ Kc6 39. Rg7 Bf8 40. Rg8 Bd6 41.
Rg7 Kd5 42. Kb3 e5 43. fxe5 Bxe5 44. Rg8 Rb6+ 45. Ka2 Rc6 46. Kb1 a6 47. Bb2 Bf4
48. Rd8+ Rd6 49. Rc8 Rd7 50. Ra8 Rd6 51. Rc8 c5 52. c4+ dxc3 53. Bxc3 g5 54. Rg8
Kc6 55. Kc2 Kb5 56. Rb8+ Ka4 57. Bb2 Rxd3 58. Rc8 Rd2+ 59. Kc3 Kb5 60. a4+ Kb6
61. Ba3 Rd5 62. Kc4 Rd4+ 63. Kb3 c4+ 64. Kc2 Re4 65. Be7 Rxe7 0-1

[Event "London Chess Classic FIDE Open"]
[Site "London ENG"]
[Date "2010.12.10"]
[Round "3"]
[White "Coleman, David J"]
[Black "Paez, David"]
[Result "1-0"]
[WhiteTitle "CM"]
[WhiteElo "2247"]
[BlackElo "2035"]
[WhiteFideId "402087"]
[BlackFideId "4405196"]
[EventDate "2010.12.10"]

1. e4 e6 2. d4 d5 3. Nc3 Bb4 4. e5 c5 5. a3 Bxc3+ 6. bxc3 Ne7 7. Qg4 Qc7 8. Bd3
cxd4 9. Ne2 Nbc6 10. cxd4 Bd7 11. O-O g6 12. Bg5 a6 13. Rfb1 h5 14. Qf4 O-O-O
15. Rb3 Rde8 16. Rab1 Nd8 17. Qc1 Bc6 18. Qb2 Nf5 19. Nc1 h4 20. Na2 Rh5 21. Bf6
Ne7 22. Nb4 g5 23. Bxa6 bxa6 24. Nxa6 Qa7 25. Rb8+ Kd7 26. Qb4 Nf5 27. Qa5 1-0

[Event "London Chess Classic FIDE Open"]
[Site "London ENG"]
[Date "2010.12.10"]
[Round "3"]
[White "Thomassen, Thomas"]
[Black "Willmoth, Robert F"]
[Result "0-1"]
[WhiteElo "2033"]
[BlackElo "2238"]
[WhiteFideId "1504860"]
[BlackFideId "402540"]
[EventDate "2010.12.10"]

1. c4 g6 2. g3 Bg7 3. Bg2 f5 4. Nc3 Nf6 5. d3 O-O 6. e4 e5 7. Nge2 d6 8. O-O c6
9. exf5 Bxf5 10. d4 Qe8 11. dxe5 dxe5 12. h3 Na6 13. Be3 Qe7 14. g4 Bxg4 15.
hxg4 Nxg4 16. Bh3 Nxe3 17. fxe3 Qg5+ 18. Kh2 Qxe3 19. Ng3 Rf2+ 20. Rxf2 Qxf2+
21. Bg2 Qxb2 22. Nce4 Qb4 23. c5 Nxc5 24. Qd6 Na6 25. Qe6+ Kh8 26. Rd1 Nc7 27.
Qd7 Nd5 28. Nd6 Qh4+ 29. Bh3 Nf4 30. Nxb7 Rf8 31. Qg4 Qe7 32. Rd7 Qb4 33. Bg2 e4
34. Nxe4 Nxg2 35. Rxg7 Kxg7 36. Nbd6 Nf4 37. Qd7+ Kg8 38. Qe7 Qb2+ 39. Kg3 Qg2+
40. Kh4 Qh3+ 0-1

[Event "London Chess Classic FIDE Open"]
[Site "London ENG"]
[Date "2010.12.10"]
[Round "3"]
[White "Heaton, Paul"]
[Black "Osborne, Marcus E"]
[Result "0-1"]
[WhiteElo "2029"]
[BlackElo "2229"]
[WhiteFideId "411116"]
[BlackFideId "404608"]
[EventDate "2010.12.10"]

1. c4 e5 2. g3 c6 3. d4 Bb4+ 4. Bd2 Bxd2+ 5. Qxd2 d6 6. dxe5 dxe5 7. Qxd8+ Kxd8
8. Nf3 f6 9. Nc3 Be6 10. b3 Nd7 11. Ne4 a5 12. Bg2 Nh6 13. O-O Ke7 14. Ne1 f5
15. Ng5 Nc5 16. Nxe6 Kxe6 17. Nc2 Rhd8 18. Rfd1 Nf7 19. f3 Nd6 20. Rd2 Rd7 21.
e4 g6 22. Rad1 a4 23. Rb1 axb3 24. axb3 Ke7 25. exf5 gxf5 26. Ne3 Ne6 27. b4 f4
28. gxf4 exf4 29. Ng4 Nxc4 30. Re2 Rd2 31. Re4 Nd6 32. Re5 Nf7 33. Rh5 Raa2 34.
Bh3 Neg5 35. Re1+ Kf8 36. Rf1 Kg7 37. Kh1 Kg6 38. Rh4 h5 39. Re1 Nxf3 0-1

[Event "London Chess Classic FIDE Open"]
[Site "London ENG"]
[Date "2010.12.10"]
[Round "3"]
[White "Anderton, Matthew N"]
[Black "Lenier, Jude"]
[Result "1-0"]
[WhiteElo "2227"]
[BlackElo "2006"]
[WhiteFideId "403237"]
[BlackFideId "470678"]
[EventDate "2010.12.10"]

1. e4 e5 2. Nf3 Nc6 3. Bb5 a6 4. Ba4 Nf6 5. O-O Be7 6. Re1 b5 7. Bb3 O-O 8. h3
d6 9. c3 Na5 10. Bc2 c5 11. d4 Nc6 12. d5 Nb8 13. a4 Bb7 14. b3 c4 15. bxc4 bxc4
16. Na3 Nbd7 17. Rb1 Qc7 18. Be3 a5 19. Nb5 Qc8 20. Qe2 Ba6 21. Nd2 Bxb5 22.
Rxb5 Ne8 23. Nxc4 Bd8 24. Reb1 f5 25. exf5 Nc7 26. Rb7 Nxd5 27. Nxd6 Qc6 28. Ne4
Bb6 29. Rxd7 Qxd7 30. Bxb6 Nxb6 31. Rxb6 Rxf5 32. Nd6 Qd8 33. Bxf5 Qxb6 34. Be6+
Kh8 35. Qxe5 Rf8 36. Nf7+ Kg8 37. Qf5 g6 38. Qf6 1-0

[Event "London Chess Classic FIDE Open"]
[Site "London ENG"]
[Date "2010.12.10"]
[Round "3"]
[White "Obiamiwe, Paul"]
[Black "Stone, Andrew M"]
[Result "1/2-1/2"]
[WhiteElo "2021"]
[BlackElo "2223"]
[WhiteFideId "8500215"]
[BlackFideId "404985"]
[EventDate "2010.12.10"]

1. Nf3 Nf6 2. c4 c5 3. Nc3 e6 4. g3 b6 5. Bg2 Bb7 6. O-O Be7 7. Re1 O-O 8. e4 d6
9. d4 cxd4 10. Nxd4 Qc7 11. b3 a6 12. Ba3 Nbd7 13. Rc1 Rac8 14. f4 Nc5 15. b4
Ncd7 16. b5 Nc5 17. bxa6 Bxa6 18. Ncb5 Qd7 19. Qe2 Bb7 20. Nc3 Rfe8 21. Red1
Red8 22. Ndb5 Ne8 23. e5 Bxg2 24. Qxg2 Nb7 25. exd6 Bxd6 26. Nxd6 Nbxd6 27. Nb5
Qc6 28. Qxc6 Rxc6 29. Nxd6 Nxd6 30. c5 bxc5 31. Rxc5 Nb7 32. Rxd8+ Nxd8 33. Rxc6
Nxc6 34. Bc5 f6 35. Kf1 Kf7 36. Ke2 Ke8 37. Kd3 Kd7 38. Kc4 Kc7 39. Kb5 Kb7 40.
Bf8 g5 41. fxg5 fxg5 42. Bg7 e5 43. Kc5 Nd4 44. Bxe5 Nf3 45. Kd5 Nxh2 46. Bf6
Nf1 47. Be5 h5 48. Ke4 Nxg3+ 1/2-1/2

[Event "London Chess Classic FIDE Open"]
[Site "London ENG"]
[Date "2010.12.10"]
[Round "3"]
[White "Fegan, Chris"]
[Black "Remmler, Hans-Peter"]
[Result "0-1"]
[WhiteElo "2003"]
[BlackElo "2209"]
[WhiteFideId "410047"]
[BlackFideId "4623266"]
[EventDate "2010.12.10"]

1. d4 Nf6 2. Nf3 e6 3. e3 c5 4. Bd3 b6 5. O-O Bb7 6. Re1 d6 7. c3 Nbd7 8. e4 e5
9. Bg5 Be7 10. Nbd2 O-O 11. Nc4 Qc7 12. a4 Rfe8 13. b4 a6 14. d5 h6 15. Be3 Ng4
16. Bd2 f5 17. Ne3 Nxe3 18. fxe3 Nf6 19. Qc2 c4 20. Be2 Nxe4 21. g4 g6 22. Rad1
Bxd5 23. Bc1 Bb7 24. Rf1 Qc6 25. gxf5 gxf5 26. b5 axb5 27. axb5 Qxb5 28. Nd2 Kh8
29. Rxf5 Rg8+ 30. Kf1 Raf8 31. Rxf8 Rxf8+ 32. Kg1 Ng5 33. e4 Qc5+ 34. Kh1 Qf2 0-1

[Event "London Chess Classic FIDE Open"]
[Site "London ENG"]
[Date "2010.12.10"]
[Round "3"]
[White "Hodgson, John H"]
[Black "Phillips, Owen S"]
[Result "1-0"]
[WhiteElo "2206"]
[BlackElo "1996"]
[WhiteFideId "403520"]
[BlackFideId "417882"]
[EventDate "2010.12.10"]

1. e4 c5 2. Nf3 Nc6 3. d4 cxd4 4. Nxd4 Qb6 5. Nb3 Nf6 6. Nc3 e6 7. Bd3 Bb4 8.
O-O Bxc3 9. bxc3 O-O 10. Bg5 Ne8 11. Kh1 f6 12. Be3 Qc7 13. f4 b6 14. Nd4 Nxd4
15. cxd4 Bb7 16. e5 f5 17. Qe2 d5 18. g4 g6 19. gxf5 gxf5 20. Rg1+ Ng7 21. Bf2
Rf7 22. Rg2 Rd8 23. Rag1 Bc6 24. Bh4 Rdd7 25. Qh5 Qc8 26. Qh6 Kh8 27. Bf6 Qg8
28. Bxf5 exf5 29. Bxg7+ Rxg7 30. Qxc6 Rxg2 31. Rxg2 Qd8 32. Qe6 Rg7 33. Qxf5
Rxg2 34. Kxg2 h6 35. Kg3 Qc7 36. Kg4 Qc4 37. Kh5 Qe2+ 38. Kxh6 Qxh2+ 39. Kg6
Qh7+ 40. Kg5 Qh2 41. Qf8+ Kh7 42. Qf5+ 1-0

[Event "London Chess Classic FIDE Open"]
[Site "London ENG"]
[Date "2010.12.10"]
[Round "3"]
[White "Doran, Chris"]
[Black "Grant, Jonathan I M"]
[Result "0-1"]
[WhiteElo "1988"]
[BlackElo "2201"]
[WhiteFideId "503835"]
[BlackFideId "2400294"]
[EventDate "2010.12.10"]

1. e4 c6 2. Nc3 d5 3. Nf3 Bg4 4. h3 Bxf3 5. Qxf3 dxe4 6. Nxe4 Nf6 7. Bc4 e6 8.
d3 Nbd7 9. Bg5 Be7 10. Nxf6+ gxf6 11. Bf4 Qa5+ 12. c3 Ne5 13. Bxe5 Qxe5+ 14. Qe4
Qxe4+ 15. dxe4 O-O-O 16. Ke2 h5 17. g3 h4 18. g4 Bd6 19. Rad1 Bf4 20. Rxd8+ Kxd8
21. Kf3 Bg5 22. Rd1+ Ke7 23. b4 Rc8 24. a4 Rc7 25. Bb3 Rd7 26. Rxd7+ Kxd7 27.
Ke2 Kd6 28. Kd3 Ke5 29. Bd1 Kf4 30. Be2 Bh6 31. Bd1 Bf8 32. Be2 Bd6 33. Bd1 Bc7
34. a5 a6 35. c4 Bd6 36. c5 Be5 37. Be2 Bb2 38. Kc4 Kxe4 39. Bd1 Be5 40. Be2 Bh2
41. g5 fxg5 42. Bh5 f5 43. Bf7 g4 44. hxg4 fxg4 45. Bxe6 g3 46. fxg3 hxg3 47.
Bh3 Kf3 48. Kd4 g2 49. Bxg2+ Kxg2 50. Ke4 Kf2 51. Kf5 Ke3 52. Ke6 Kd4 53. Kd7
Kc4 54. Kc8 Kb5 55. Kxb7 Be5 0-1

[Event "London Chess Classic FIDE Open"]
[Site "London ENG"]
[Date "2010.12.10"]
[Round "3"]
[White "Harari, Zaki"]
[Black "Hayward, Alan"]
[Result "1-0"]
[WhiteElo "2197"]
[BlackElo "1979"]
[WhiteFideId "2002639"]
[BlackFideId "415936"]
[EventDate "2010.12.10"]

1. d4 Nf6 2. c4 c5 3. d5 b5 4. cxb5 a6 5. bxa6 g6 6. Nc3 Bxa6 7. g3 d6 8. Bg2
Bg7 9. Nf3 O-O 10. O-O Nbd7 11. Rb1 Nb6 12. b3 Nfd7 13. Bb2 Qc7 14. Re1 Rfb8 15.
Qc2 Nc8 16. Nd1 Na7 17. Bxg7 Kxg7 18. Ne3 Nf6 19. Nd4 Rc8 20. Nc6 Nxc6 21. dxc6
Bb5 22. a4 Bxc6 23. Bxc6 Qxc6 24. Nc4 h5 25. e4 h4 26. e5 Nd7 27. e6 Nf6 28.
exf7 Kxf7 29. Qe2 e5 30. Rbd1 Rd8 31. Rxd6 Qb7 32. Qxe5 1-0

[Event "London Chess Classic FIDE Open"]
[Site "London ENG"]
[Date "2010.12.10"]
[Round "3"]
[White "Crichton, Martin"]
[Black "Spivack, Simon S Y"]
[Result "0-1"]
[WhiteElo "1978"]
[BlackElo "2189"]
[WhiteFideId "2500973"]
[BlackFideId "404780"]
[EventDate "2010.12.10"]

1. e4 c5 2. Nc3 e6 3. g3 Nc6 4. Bg2 Nf6 5. d3 Be7 6. f4 d5 7. e5 Nd7 8. Nf3 b5
9. O-O b4 10. Ne2 O-O 11. Be3 Nb6 12. Nd2 Qd7 13. a3 bxa3 14. bxa3 Ba6 15. Nb3
d4 16. Bf2 Rac8 17. Qd2 Rfd8 18. Na5 Nxa5 19. Qxa5 Qa4 20. Qxa4 Nxa4 21. g4 Rb8
22. Rfb1 Bb5 23. Be1 Rdc8 24. Ba5 Bd8 25. Bxd8 Rxd8 26. Kf2 Bd7 27. Rb3 Nb6 28.
Rab1 Ba4 29. R3b2 Kf8 30. Ng3 c4 31. dxc4 Rbc8 32. Bf1 Nxc4 33. Rb4 Bxc2 34.
Rxc4 Bxb1 35. Rxc8 Rxc8 0-1

[Event "London Chess Classic FIDE Open"]
[Site "London ENG"]
[Date "2010.12.10"]
[Round "3"]
[White "Wernet, Andreas"]
[Black "Gavriel, Tryfon C"]
[Result "0-1"]
[WhiteElo "1978"]
[BlackElo "2170"]
[WhiteFideId "24677787"]
[BlackFideId "403105"]
[EventDate "2010.12.10"]

1. e4 e6 2. d4 d5 3. e5 c5 4. c3 Nc6 5. Nf3 Bd7 6. Bd3 Nge7 7. Bg5 Qb6 8. a4 c4
9. Bc2 h6 10. Bc1 Na5 11. Nbd2 O-O-O 12. b4 cxb3 13. Nxb3 Nxb3 14. Bxb3 Nc6 15.
O-O Na5 16. Bc2 Kb8 17. Rb1 Qc7 18. Nd2 Be7 19. Qf3 Rhf8 20. c4 dxc4 21. Ne4 Bc6
22. Qc3 Ka8 23. Bd2 Rd5 24. f4 Rfd8 25. Be3 Qd7 26. Nc5 Bxc5 27. dxc5 Nb3 28.
Qxc4 Nd2 29. Bxd2 Rd4 30. Qc3 Rxd2 31. Rfd1 a6 32. Bb3 g6 33. g3 Qd4+ 34. Qxd4
R8xd4 35. Kf1 Rxh2 36. Rxd4 Rh1+ 37. Kf2 Rxb1 38. Bd1 Rb2+ 39. Ke1 Bd5 40. g4 a5
41. f5 Rb4 42. Rd2 Re4+ 43. Kf2 gxf5 44. gxf5 Rxe5 45. Bc2 exf5 46. Kg3 Bc6 47.
Kf4 Rxc5 48. Bxf5 Rc4+ 49. Ke5 Rxa4 50. Rh2 Rb4 51. Bd3 Bd7 52. Rxh6 Be6 53. Rh5
Ka7 54. Rh1 Kb6 55. Be4 a4 56. Rh8 a3 57. Ra8 a2 0-1

[Event "London Chess Classic FIDE Open"]
[Site "London ENG"]
[Date "2010.12.10"]
[Round "3"]
[White "Costello, Colin A"]
[Black "Pedersen, Carsten"]
[Result "0-1"]
[WhiteElo "1977"]
[BlackElo "2154"]
[WhiteFideId "403580"]
[BlackFideId "1409760"]
[EventDate "2010.12.10"]

1. c4 Nc6 2. Nf3 e5 3. Nc3 f5 4. d3 Nf6 5. g3 Bc5 6. Bg2 d6 7. O-O a6 8. Nd5
Nxd5 9. cxd5 Ne7 10. d4 exd4 11. Nxd4 O-O 12. Be3 Ba7 13. Rc1 Ng6 14. Ne6 Bxe6
15. dxe6 c6 16. Qb3 Qe7 17. Bxa7 Rxa7 18. Qb6 Raa8 19. Rc3 Rab8 20. Re3 d5 21.
Rd1 Rbd8 22. Rb3 Rb8 23. Re3 Kh8 24. b4 f4 25. Red3 Ne5 26. Rd4 fxg3 27. hxg3
Nc4 28. Qc5 Qxe6 29. e4 Qf6 30. exd5 Qxf2+ 31. Kh2 Ne3 32. R4d2 Ng4+ 33. Kh3
Qxc5 34. bxc5 Nf2+ 35. Rxf2 Rxf2 36. dxc6 bxc6 37. Bxc6 Rc2 38. Bb7 Rxc5 39.
Bxa6 g6 40. a4 Rh5+ 41. Kg2 Rb2+ 42. Kf3 Rf5+ 43. Ke4 Rb6 44. Bc8 Rf8 45. Bd7
Rb4+ 46. Ke5 Rf3 47. g4 Ra3 48. Kf6 Rb6+ 49. Ke5 Rb4 50. Kf6 Rf3+ 51. Ke5 Kg7
52. a5 Re3+ 53. Kd6 Ra3 54. Rd5 h6 55. Kc5 Rxa5+ 56. Kxb4 Rxd5 0-1